Marqueurs d'essais du Stade Toulousain 2021-2022 - Statistiques

Statistiques générales
  • Ce quiz a été pris 88 fois
  • Le résultat moyen est 73 sur 95
Statistiques - réponses
Match Résultat Joueur % Correct
Top 14 J4 Toulouse-Clermont 27-15 Antoine Dupont
100%
Top 14 J5 Biarritz-Toulouse 11-17 Antoine Dupont
100%
ERCC J1 Cardiff-Toulouse 7-39 Antoine Dupont
100%
ERCC 1/8 Retour Ulster-Toulouse 23-30 Antoine Dupont
100%
Top 14 J24 Toulouse-La Rochelle 23-16 Antoine Dupont
100%
ERCC 1/2 Leinster-Toulouse 40-17 Antoine Dupont
100%
Top 14 J25 Brive-Toulouse 8-26 Antoine Dupont
100%
Top 14 J26 Toulouse-Biarritz 80-7 Antoine Dupont
100%
Top 14 Barrage Toulouse-La Rochelle 33-28 Antoine Dupont
100%
Top 14 J1 La Rochelle-Toulouse 16-20 Romain Ntamack
97%
Top 14 J3 Montpellier-Toulouse 15-17 Romain Ntamack
97%
Top 14 J4 Toulouse-Clermont 27-15 Romain Ntamack
97%
Top 14 J8 Toulouse-Castres 41-0 Romain Ntamack
97%
ERCC 1/8 Aller Toulouse-Ulster 20-26 Romain Ntamack
97%
ERCC 1/8 Retour Ulster-Toulouse 23-30 Romain Ntamack
97%
ERCC 1/4 Munster-Toulouse 24-24(t.a.b) Romain Ntamack
97%
Top 14 Barrage Toulouse-La Rochelle 33-28 Romain Ntamack
97%
Top 14 1/2 Castres-Toulouse 24-18 Romain Ntamack
97%
Top 14 J26 Toulouse-Biarritz 80-7 Julien Marchand
94%
Top 14 J2 Toulouse-Toulon 41-10 Matthis Lebel
94%
Top 14 J13 Toulouse-Stade Français 28-29 Matthis Lebel
94%
Top 14 J18 Pau-Toulouse 27-22 Matthis Lebel
94%
ERCC 1/4 Munster-Toulouse 24-24(t.a.b) Matthis Lebel
94%
ERCC 1/4 Munster-Toulouse 24-24(t.a.b) Matthis Lebel
94%
Top 14 J26 Toulouse-Biarritz 80-7 Matthis Lebel
94%
Top 14 J26 Toulouse-Biarritz 80-7 Matthis Lebel
94%
Top 14 1/2 Castres-Toulouse 24-18 Matthis Lebel
94%
Top 14 J6 Toulouse-Pau 38-10 Cyril Baille
91%
Top 14 J2 Toulouse-Toulon 41-10 Thomas Ramos
91%
Top 14 J8 Toulouse-Castres 41-0 Thomas Ramos
91%
Top 14 J21 Toulouse-Lyon 27-19 Thomas Ramos
91%
ERCC 1/8 Retour Ulster-Toulouse 23-30 Thomas Ramos
91%
Top 14 J26 Toulouse-Biarritz 80-7 Thomas Ramos
91%
Top 14 J2 Toulouse-Toulon 41-10 Peato Mauvaka
86%
Top 14 J7 Lyon-Toulouse 25-19 Peato Mauvaka
86%
ERCC J3 Wasps-Toulouse 30-22 Peato Mauvaka
86%
Top 14 J21 Toulouse-Lyon 27-19 Peato Mauvaka
86%
Top 14 J26 Toulouse-Biarritz 80-7 Peato Mauvaka
86%
Top 14 J12 UBB-Toulouse 17-7 François Cros
83%
ERCC J3 Wasps-Toulouse 30-22 François Cros
83%
Top 14 J24 Toulouse-La Rochelle 23-16 Thibaud Flament
80%
Top 14 J4 Toulouse-Clermont 27-15 Anthony Jelonch
78%
Top 14 J6 Toulouse-Pau 38-10 Anthony Jelonch
78%
Top 14 J6 Toulouse-Pau 38-10 Anthony Jelonch
78%
ERCC J1 Cardiff-Toulouse 7-39 Anthony Jelonch
78%
Top 14 J26 Toulouse-Biarritz 80-7 Anthony Jelonch
78%
Top 14 J8 Toulouse-Castres 41-0 Juan Cruz Mallia
77%
Top 14 J8 Toulouse-Castres 41-0 Juan Cruz Mallia
77%
Top 14 J14 Clermont-Toulouse 16-13 Juan Cruz Mallia
77%
Top 14 J16 Toulouse-Racing 92 15-20 Juan Cruz Mallia
77%
Top 14 J15 Toulouse-Montpellier 35-10 Juan Cruz Mallia
77%
Top 14 J22 Castres-Toulouse 19-13 Juan Cruz Mallia
77%
Top 14 Barrage Toulouse-La Rochelle 33-28 Juan Cruz Mallia
77%
Top 14 J22 Castres-Toulouse 19-13 Richie Arnold
77%
Top 14 J6 Toulouse-Pau 38-10 Rory Arnold
77%
Top 14 J13 Toulouse-Stade Français 28-29 Rory Arnold
77%
Top 14 J21 Toulouse-Lyon 27-19 Rory Arnold
77%
Top 14 J6 Toulouse-Pau 38-10 Maxime Médard
73%
Top 14 J8 Toulouse-Castres 41-0 Maxime Médard
73%
Top 14 J10 Toulouse-Perpignan 37-15 Maxime Médard
73%
Top 14 J15 Toulouse-Montpellier 35-10 Maxime Médard
73%
Top 14 J26 Toulouse-Biarritz 80-7 Mexime Médard
73%
Top 14 J2 Toulouse-Toulon 41-10 Selevasio Tolofua
72%
Top 14 J9 Racing 92-Toulouse 27-18 Selevasio Tolofua
72%
Top 14 J10 Toulouse-Perpignan 37-15 Selevasio Tolofua
72%
ERCC 1/2 Leinster-Toulouse 40-17 Selevasio Tolofua
72%
Top 14 J26 Toulouse-Biarritz 80-7 Selevasio Tolofua
72%
ERCC J1 Cardiff-Toulouse 7-39 Pita Ahki
70%
Top 14 J10 Toulouse-Perpignan 37-15 Emmanuel Meafou
69%
ERCC J3 Wasps-Toulouse 30-22 Emmanuel Meafou
69%
ERCC 1/8 Aller Toulouse-Ulster 20-26 Emmanuel Meafou
69%
Top 14 J25 Brive-Toulouse 8-26 Emmanuel Meafou
69%
Top 14 J16 Toulouse-Racing 92 15-20 Santi Chocobarres
63%
Top 14 J3 Montpellier-Toulouse 15-17 Lucas Tauzin
61%
Top 14 J15 Toulouse-Montpellier 35-10 Lucas Tauzin
61%
Top 14 J2 Toulouse-Toulon 41-10 Alban Placines
58%
Top 14 J17 Perpignan-Toulouse 36-13 Guillaume Cramont
56%
Top 14 J20 Stade Français-Toulouse 23-16 Guillaume Cramont
56%
ERCC J1 Cardiff-Toulouse 7-39 Iosefa Tekori
55%
Top 14 J26 Toulouse-Biarritz 80-7 Iosefa Tekori
55%
Top 14 J15 Toulouse-Montpellier 35-10 Baptiste Germain
53%
Top 14 J26 Toulouse-Biarritz 80-7 Pierre Fouyssac
53%
Top 14 Barrage Toulouse-La Rochelle 33-28 Pierre Fouyssac
53%
Top 14 J2 Toulouse-Toulon 41-10 Zack Holmes
53%
Top 14 J26 Toulouse-Biarritz 80-7 Nelson Epée
50%
Top 14 J9 Racing 92-Toulouse 27-18 Arthur Bonneval
48%
Top 14 J10 Toulouse-Perpignan 37-15 Arthur Bonneval
48%
ERCC J1 Cardiff-Toulouse 7-39 Arthur Bonneval
48%
Top 14 J17 Perpignan-Toulouse 36-13 Dimitri Delibes
47%
Top 14 J18 Pau-Toulouse 27-22 Dimitri Delibes
47%
Top 14 J18 Pau-Toulouse 27-22 Dimitri Delibes
47%
Top 14 J15 Toulouse-Montpellier 35-10 Martin Page-Relo
47%
Top 14 J10 Toulouse-Perpignan 37-15 Antoine Miquel
39%
Top 14 J13 Toulouse-Stade Français 28-29 Antoine Miquel
39%
Top 14 J5 Biarritz-Toulouse 11-17 Tim Nanaï-Wiliams
3%
Aucun quiz correspondant
Distribution des résultats
% des personnes avec chaque résultat
Percentile par nombre de réponses
Votre historique - résultats
Vous n’avez pas pris ce quiz